Indian Defence 2002 Yearbook / (Record no. 194049)

000 -LEADER
fixed length control field 00375 a2200145 4500
003 - CONTROL NUMBER IDENTIFIER
control field Nust
005 - DATE AND TIME OF LATEST TRANSACTION
control field 20230210123736.0
040 ## - CATALOGING SOURCE
Transcribing agency Nust
082 ## - DEWEY DECIMAL CLASSIFICATION NUMBER
Classification number 955,IND
100 ## - MAIN ENTRY--PERSONAL NAME
Personal name LT, General RK Jasber Singh, PVSM
9 (RLIN) 98453
245 ## - TITLE STATEMENT
Title Indian Defence 2002 Yearbook /
Statement of responsibility, etc. Lt, General RK Jasbir Singh, PVSM
260 ## - PUBLICATION, DISTRIBUTION, ETC.
Place of publication, distribution, etc. france
Name of publisher, distributor, etc. AVI-OIl
Date of publication, distribution, etc. 2002
300 ## - PHYSICAL DESCRIPTION
Extent 637p;
942 ## - ADDED ENTRY ELEMENTS (KOHA)
Source of classification or shelving scheme
Koha item type Book
Holdings
Withdrawn status Lost status Source of classification or shelving scheme Damaged status Not for loan Permanent Location Current Location Shelving location Date acquired Full call number Barcode Date last seen Price effective from Koha item type Public note
          Military College of Signals (MCS) Military College of Signals (MCS) General Stacks 12/12/2016 955,IND MCS28771 12/08/2016 12/12/2016 Book Almirah No.62, Shelf No.4
© 2023 Central Library, National University of Sciences and Technology. All Rights Reserved.